| 000 | 01011nam a22002777a 4500 | ||
|---|---|---|---|
| 005 | 20141020144441.0 | ||
| 008 | 141019s2014 xxk fr 000 0 eng d | ||
| 020 | _a9780857111395 | ||
| 020 | _a02635364 | ||
| 040 | _aEG-ScBUE | ||
| 043 | _ae-uk--- | ||
| 082 | 0 | 0 |
_222 _bMAR _a615.1141 |
| 245 | 0 | 0 |
_aMartindale : _bthe complete drug reference / _cedited by Alison Brayfield. |
| 246 | 3 | 0 | _aComplete drug reference |
| 250 | _a38th ed. | ||
| 260 |
_aLondon : _bPharmaceutical Press, _c2014 _e([Rome] : _fLEGO S.P.A.) |
||
| 300 |
_a2 v. (xiv, 4596 p.) ; _c29 cm. |
||
| 505 | 0 | _aContents : v. A drug monograhs- v. B preparations, manufacturers, pharmaceutical terms in various languages, general index, Cyrillic index. | |
| 650 | 0 |
_aPharmacopoeias _923526 |
|
| 650 | 0 |
_aPharmacopoeias _zGreat Britain _930072 |
|
| 653 |
_bPPhrm _cOctober2014 |
||
| 655 |
_vreading book _934232 |
||
| 700 | 1 |
_aBrayfield, Alison _eeditor. _936264 |
|
| 710 | 2 |
_aRoyal Pharmaceutical Society of Great Britain _936265 |
|
| 942 | _2ddc | ||
| 999 |
_c18470 _d18442 |
||